000 00459nam a22001457a 4500
082 _a004
100 _aAzam, Aniqa
245 _aDetection of New Vessels on Optics Disc in Fundus Images /
_cAniqa Azam
260 _aIslamabad :
_bCEME - NUST,
_c2014.
300 _a72 p. ;
_c30cm.
650 _aComputer Engineering-MS-Thesis
_916083
700 _aDr. Muhammad Usman Akram
_916084
942 _2ddc
_cTHE
999 _c536991
_d536991